000 00585cam a2200217ua 4500
001 9467
005 20260515114453.0
008 150922n ii |||gr||||Z||||||eng
020 _a8120707885
040 _cMAIN
041 _aeng
082 _a338.95146
245 1 _aEconomic problems and planning in North East India
_ced. by A.K. Agarwal
260 _aNew Delhi:
_bSterling.
300 _a588p.
653 _aProduction
653 _aEconomic problem in North east India
653 _aEconomic planning in North East India
700 _aAgarwal, A.K.,
_eEditor.
942 _cBK
999 _c8507
_d8507